<?xml version="1.0" encoding="UTF-8"?>
<record
    xmlns:xsi="http://www.w3.org/2001/XMLSchema-instance"
    xsi:schemaLocation="http://www.loc.gov/MARC21/slim http://www.loc.gov/standards/marcxml/schema/MARC21slim.xsd"
    xmlns="http://www.loc.gov/MARC21/slim">

  <leader>02316nam a2200349 i 4500</leader>
  <controlfield tag="003">OSt</controlfield>
  <controlfield tag="005">20250123123756.0</controlfield>
  <controlfield tag="008">241217t20232023nyua   jr     000 1 eng d</controlfield>
  <datafield tag="020" ind1=" " ind2=" ">
    <subfield code="a">9781938368950</subfield>
    <subfield code="q">hardback </subfield>
    <subfield code="c">RM 126.13</subfield>
  </datafield>
  <datafield tag="040" ind1=" " ind2=" ">
    <subfield code="a">PPAK</subfield>
    <subfield code="b">eng</subfield>
    <subfield code="c">PPAK</subfield>
    <subfield code="e">rda</subfield>
  </datafield>
  <datafield tag="082" ind1="0" ind2="4">
    <subfield code="a">398.2</subfield>
    <subfield code="2">23</subfield>
  </datafield>
  <datafield tag="090" ind1="0" ind2="0">
    <subfield code="a">398.2</subfield>
    <subfield code="b">SUN</subfield>
    <subfield code="d">K</subfield>
  </datafield>
  <datafield tag="100" ind1="1" ind2=" ">
    <subfield code="a">Sun, Ning, </subfield>
    <subfield code="e">author. </subfield>
  </datafield>
  <datafield tag="245" ind1="1" ind2="4">
    <subfield code="6">880-01</subfield>
    <subfield code="a">The Magical Clay Doll : </subfield>
    <subfield code="b">A Legend Retold in English and Chinese / </subfield>
    <subfield code="c">By Sun Ning ; Translated by Yijin Wert. </subfield>
  </datafield>
  <datafield tag="246" ind1="3" ind2="3">
    <subfield code="a">Magical Clay Doll :</subfield>
    <subfield code="b">A Legend Retold in English and Chinese</subfield>
  </datafield>
  <datafield tag="264" ind1=" " ind2="1">
    <subfield code="a">New York, NY :</subfield>
    <subfield code="b">SCPG,</subfield>
    <subfield code="c">2023</subfield>
  </datafield>
  <datafield tag="264" ind1=" " ind2="4">
    <subfield code="c">&#xA9;2023</subfield>
  </datafield>
  <datafield tag="300" ind1=" " ind2=" ">
    <subfield code="a">1 volume (unpaged) :</subfield>
    <subfield code="b">colour illustrations ;</subfield>
    <subfield code="c">27 cm</subfield>
  </datafield>
  <datafield tag="336" ind1=" " ind2=" ">
    <subfield code="a">text</subfield>
    <subfield code="2">rdacontent</subfield>
  </datafield>
  <datafield tag="336" ind1=" " ind2=" ">
    <subfield code="a">still image </subfield>
    <subfield code="2">rdacontent</subfield>
  </datafield>
  <datafield tag="337" ind1=" " ind2=" ">
    <subfield code="a">unmediated</subfield>
    <subfield code="2">rdamedia</subfield>
  </datafield>
  <datafield tag="338" ind1=" " ind2=" ">
    <subfield code="a">volume</subfield>
    <subfield code="2">rdacarrier</subfield>
  </datafield>
  <datafield tag="520" ind1=" " ind2=" ">
    <subfield code="a">Once upon a time, there is a fisherman who lives alone with his son Qiqi. One day, strange things suddenly happen in the village where they live. The children in the village keep disappearing mysteriously. As a result, the children stay at home every day and never dare to go out and play. The fisherman must go out to work every day to make a living when Qiqi is left alone at home. He feels very lonely, so he makes many dolls from mud to keep him company. One day, the fisherman brings home a clay doll with the blessings from the Lord of Land. He gives it to Qiqi to keep him safe and happy. However, Qiqi accidentally breaks the clay doll. He becomes very anxious and tries to repair the clay doll. When he repaints the eyes for the clay doll, something magic happens. The clay doll turns into a little girl. It turns out that she is the little fairy who oversees the soil! On hearing the strange things in the village, the little fairy is determined to help Qiqi to bring back his friends. What will the little fairy do? Where have the children disappeared to? Has she finally helped the little boy find his friends? Read and find out!</subfield>
  </datafield>
  <datafield tag="546" ind1=" " ind2=" ">
    <subfield code="a">In English and Chinese.</subfield>
  </datafield>
  <datafield tag="650" ind1="1" ind2="0">
    <subfield code="a">Fairies </subfield>
    <subfield code="z">China </subfield>
    <subfield code="v">Juvenile literature.</subfield>
  </datafield>
  <datafield tag="650" ind1="2" ind2="0">
    <subfield code="a">Dolls </subfield>
    <subfield code="v"> Juvenile literature.</subfield>
  </datafield>
  <datafield tag="655" ind1=" " ind2="0">
    <subfield code="a">Pictorial works</subfield>
  </datafield>
  <datafield tag="655" ind1=" " ind2="0">
    <subfield code="a">Bilingual books.</subfield>
  </datafield>
  <datafield tag="700" ind1="1" ind2=" ">
    <subfield code="a">Yijin, Wert, </subfield>
    <subfield code="e">translator. </subfield>
  </datafield>
  <datafield tag="880" ind1=" " ind2=" ">
    <subfield code="6">245-01</subfield>
    <subfield code="a">&#x6CE5;&#x5A03;&#x5A03; </subfield>
  </datafield>
  <datafield tag="942" ind1=" " ind2=" ">
    <subfield code="2">ddc</subfield>
    <subfield code="c">B</subfield>
  </datafield>
  <datafield tag="999" ind1=" " ind2=" ">
    <subfield code="c">197987</subfield>
    <subfield code="d">197987</subfield>
  </datafield>
  <datafield tag="952" ind1=" " ind2=" ">
    <subfield code="0">0</subfield>
    <subfield code="7">0</subfield>
    <subfield code="b">PPAK</subfield>
    <subfield code="c">K</subfield>
    <subfield code="d">2025-01-07</subfield>
    <subfield code="l">1</subfield>
    <subfield code="o">K 398.2 SUN</subfield>
    <subfield code="p">A01854331</subfield>
    <subfield code="r">2025-07-05 09:38:32</subfield>
    <subfield code="s">2025-06-14</subfield>
    <subfield code="y">B</subfield>
  </datafield>
  <datafield tag="952" ind1=" " ind2=" ">
    <subfield code="0">0</subfield>
    <subfield code="7">0</subfield>
    <subfield code="b">SP</subfield>
    <subfield code="c">K</subfield>
    <subfield code="d">2025-01-07</subfield>
    <subfield code="l">2</subfield>
    <subfield code="m">2</subfield>
    <subfield code="o">K 398.2 SUN</subfield>
    <subfield code="p">A01854332</subfield>
    <subfield code="q">2026-07-22</subfield>
    <subfield code="r">2026-06-10 16:47:06</subfield>
    <subfield code="s">2026-06-10</subfield>
    <subfield code="y">B</subfield>
  </datafield>
  <datafield tag="952" ind1=" " ind2=" ">
    <subfield code="0">0</subfield>
    <subfield code="7">0</subfield>
    <subfield code="b">KM</subfield>
    <subfield code="c">K</subfield>
    <subfield code="d">2025-01-07</subfield>
    <subfield code="l">1</subfield>
    <subfield code="o">K 398.2 SUN</subfield>
    <subfield code="p">A01854333</subfield>
    <subfield code="r">2026-03-07 09:40:50</subfield>
    <subfield code="s">2026-02-10</subfield>
    <subfield code="y">B</subfield>
  </datafield>
  <datafield tag="952" ind1=" " ind2=" ">
    <subfield code="0">0</subfield>
    <subfield code="7">0</subfield>
    <subfield code="b">BL</subfield>
    <subfield code="c">K</subfield>
    <subfield code="d">2025-01-07</subfield>
    <subfield code="l">0</subfield>
    <subfield code="o">K 398.2 SUN</subfield>
    <subfield code="p">A01854334</subfield>
    <subfield code="r">2025-01-07 15:09:43</subfield>
    <subfield code="y">B</subfield>
  </datafield>
</record>
